Statistics for Geography Quizhanger #7

Click here to take the quiz!

General Stats

  • This quiz has been taken 219 times
  • The average score is 6 of 10

Answer Stats

HintAnswer% Correct
Country whose capital is Vientiane(L)aos
85%
Arabian country whose population has increased over 100-fold since 1960(U)nited Arab Emirates
79%
Japanese name for Japan (romanised)(N)ippon-koku
75%
Currency of South Africa(R)and
75%
The state capital of Maine(A)ugusta
64%
The only flag with a crane on it (hint; in Africa)(U)ganda
52%
A Novocastrian is from this city(N)ewcastle
50%
Currency of Uzbekistan(S)om
38%
The capital of the only country not once in the British Empire with a St George cross on its flag(T)blisi
37%
ASIAN CAPITALNur-Sultan
34%

Score Distribution

Percentile by Number Answered

Percent of People with Each Score

Your Score History

You have not taken this quiz